000 01209nam a2200325 a 4500
003 MX-MxUPN
005 20260324064022.0
008 070313q1930 sp fr 000 0 spa d
035 _aUPN01000149779
040 _aMX-MxUPN
_bspa
_cMX-MxUPN
041 _aspa
050 0 4 _aLC1021 C5
_bP341
100 1 _aPaulsen, W.
_952387
100 1 _aDupertuis, J.
_952389
100 1 _aDelmas
_952390
245 1 3 _aLa escuela alemana y la reforma escolar austriaca
260 _aMadrid :
_bEdiciones de la Lectura,
_c[1930?].
300 _a135 páginas
490 0 _aCiencia y educación. Contemporánea ;
_v29
505 0 0 _tLa coeducación de los sexos /
_rMargarita Comas.
_g(106 páginas. La nueva educación ; XXIV).
_tSistema español de organización escolar /
_rGervasio Manríque.
_g(238 páginas).
650 0 _aEducación clásica
_916408
650 4 _aEscuelas
_zAlemania
_921561
650 4 _aReforma educativa
_91530
700 1 _aManrique, Gervasio
_952015
700 1 _aComas Camps, Margarita,
_d1892-1973
_932322
710 2 _aInstituto Nacional de Investigación Educativa (México)
_epropietario anterior
_928086
902 _bMaríaRobles/130624
905 _aLibro
942 _2lcc
_cLIBRO
_n0
999 _c121920
_d121920